|
|
|
|
| LEADER |
00919nam a2200253 4500 |
| 001 |
DLU180185032 |
| 005 |
##20180521 |
| 040 |
# |
# |
|a DLU
|b vie
|
| 041 |
# |
# |
|a vie
|
| 044 |
# |
# |
|a vn
|
| 100 |
# |
# |
|a Trịnh Đức Thảo.
|
| 245 |
# |
# |
|a Thực hiện pháp luật về trách nhiệm của người đứng đầu cơ quan hành chính nhà nước - Một số vấn đề lí luận và thực tiễn /
|c Trịnh Đức Thảo.
|
| 653 |
# |
# |
|a Cơ quan hành chính nhà nước
|
| 653 |
# |
# |
|a Người đứng đầu cơ quan hành chính nhà nước
|
| 653 |
# |
# |
|a Thực hiện pháp luật
|
| 773 |
# |
# |
|t Luật học
|g Số 6(181), 2015, tr. 31-40
|
| 920 |
# |
# |
|a Phòng Tạp chí -- Trung tâm Thông tin - Thư viện Trường Đại học Đà Lạt
|
| 900 |
# |
# |
|a True
|
| 911 |
# |
# |
|a Nguyễn Thị Thu Phương
|
| 925 |
# |
# |
|a G
|
| 926 |
# |
# |
|a A
|
| 927 |
# |
# |
|a BB
|
| 980 |
# |
# |
|a Thư viện Trường Đại học Đà Lạt
|